La política perdida

Na minha lista:
Detalhes bibliográficos
Autor principal: Revelli, Marco (Author)
Formato: Livro
Idioma:espanhol
Publicado em: Madrid Trotta 2008
Colecção:Colección Estructuras y Procesos. Ciencias Sociales
Assuntos:
Tags: Adicionar Tag
Sem tags, seja o primeiro a adicionar uma tag!

MARC

LEADER 00000cam a2200000 a 4500
001 UCI9890
003 CL-VaPUC
008 081212e20080000SP |||||||||||||||||spa|d
020 |a 9788481649970 
082 0 4 |a 320.011  |b REV  |2 21 
100 0 |a Revelli, Marco  |e author  |9 533913 
245 1 3 |a La política perdida 
300 |a 110 p 
942 |c BK 
945 |d 20081212 00:00:00  |a jtorresc 
260 |a Madrid  |b Trotta  |c 2008 
650 0 |a Ciencia política  |9 324218 
650 7 |a SISTEMAS POLITICOS  |2 CL-VaPUC  |9 533914 
650 7 |a TEORIA POLITICA  |2 CL-VaPUC  |9 533915 
650 7 |a POLITICA SIGLO 20  |2 CL-VaPUC  |9 329521 
583 |a last modification  |c 20170518 03:30:35  |k Rodrigo Vera 
490 0 |a Colección Estructuras y Procesos. Ciencias Sociales 
999 |c 332337  |d 332335 
952 |0 0  |1 0  |4 0  |6 320_011000000000000_REV_2008  |7 0  |8 A  |9 419947  |a BIBDER  |b BIBDER  |d 2019-11-22  |i 4504119  |o 320.011 REV 2008  |p 4504119  |r 2023-01-25  |w 2019-11-22  |y BK  |k DER 
952 |0 0  |1 0  |3 erb  |4 0  |6 320_011000000000000_REV_2008  |7 0  |8 A  |9 419948  |a BIBEDU  |b BIBEDU  |i 5376912  |o 320.011 REV 2008  |p 5376912  |r 2019-11-22  |w 2019-11-22  |y BK  |z Catalogado en:20170519  |k FIL